Beauty and the Beast - Characters by Picture - Statistics

General Stats
  • This quiz has been taken 103 times
  • The average score is 13 of 51
Answer Stats
Picture Answer % Correct
Belle
94%
Gaston
94%
The Beast
94%
Chip
81%
Lumière
78%
Mrs. Potts
73%
Cogsworth
72%
LeFou
70%
Maurice
66%
Belle
53%
The Beast
52%
Gaston
50%
Lumière
41%
Chip
39%
LeFou
39%
Maurice
36%
Cogsworth
34%
Philippe
33%
Wardrobe
33%
Mrs. Potts
30%
Enchantress
19%
Madame de Garderobe / Wardrobe
14%
Plumette
14%
Fifi / Featherduster
11%
Monsieur D'Arque
11%
The Bookseller
11%
Fru Fru
9%
Cadenza
8%
Sultan
8%
The Bimbettes
8%
Monsieur D'Arque
6%
Agathe
5%
Chef Bouche / Stove
5%
Forte
5%
Monsieur Jean Potts
5%
Père Robert
5%
Fife
3%
Axe
2%
Clothilde
2%
Webster
2%
Angelique
0%
Chandeleria
0%
Chapeau
0%
Chaude
0%
Concertina
0%
Crane
0%
Egg Beater
0%
LePlume
0%
Punch Bowl
0%
Tres
0%
Tubaloo
0%
No matching quizzes found
Score Distribution
Percent of People with Each Score
Percentile by Number Answered
Your Score History
You have not taken this quiz